Datum a čas kvízu
35
Celkem bodů
Celkový počet nahraných bodů na tomto kvízu bez doplňovacích otázek.
4.
Pořadí na kvízu
Konečné umístění týmu na tomto kvízu.
Zaznamenané odpovědi
| # | Otázka | Odpověď | Body | Výsledky |
|---|---|---|---|---|
| 1. | Bývalý fotbalista Tomáš Řepka... | 2,5 roku | 1 | |
| 2. | Bílý dům chtěl po americkém ná... | John McCain | 0 | |
| 3. | Spekulace o obsazení hlavní ro... | Robert Pattinson | 1 | |
| 4. | Italsko-americká automobilka F... | Renault | 1 | |
| 5. | Česká tenistka, která (zatím)... | Kateřina Siniaková | 0 | |
| 6. | Začneme samotným slovem vzduch... | povětří | 0 | |
| 7. | Nedaleko jednoho středočeského... | Čáslav | 1 | |
| 8. | Že má tento přístroj něco spol... | anemometr | 1 | |
| 9. | Na obrázku vidíme meteorologic... | izobary | 1 | |
| 10. | Vítr je zjednodušeně řečeno po... | meteorismus | 0 |